| 000 | 00469nam a22001457a 4500 | ||
|---|---|---|---|
| 008 | 150608b xxu||||| |||| 00| 0 eng d | ||
| 050 |
_aPL 6061.2 _bB928 2009 |
||
| 100 | _aCruz, Emerlinda G. | ||
| 245 |
_aIbong adarna _b: Isang korido / _cEmerlinda G. Cruz |
||
| 260 |
_aQuezon City. _bC&E Publishing, Inc. _cc2008 |
||
| 300 |
_av, 314 p. _bill., _c25 cm. |
||
| 500 | _aincludes glossary + CD ROM | ||
| 650 | _aLiterature | ||
| 942 |
_2lcc _cBK _mPL 6061.2 B928 2009 |
||
| 999 |
_c284779 _d284779 |
||